Trabajo infantil y adolescente en cifras : seintesis de la primera encuesta nacional y registro de sus peores formas 2003.

Bibliographic Details
Format: eBook
Language:Spanish
Published: Santiago, Chile : Organizacion Internacional del Trabajo, [2004]
Subjects:
Online Access:Click to View
LEADER 01716nam a2200397 i 4500
001 EBC359231
003 MiAaPQ
005 20220518093236.0
006 m o d |
007 cr cnu||||||||
008 220518s2004 cl o 001 0 spa d
020 |z 9789223157623  |q (print) 
020 |a 9789223157630  |q (electronic bk.) 
035 |a (MiAaPQ)EBC359231 
035 |a (Au-PeEL)EBL359231 
035 |a (CaONFJC)MIL104121 
035 |a (OCoLC)476184388 
040 |a MiAaPQ  |b eng  |e rda  |e pn  |c MiAaPQ  |d MiAaPQ 
043 |a s-cl--- 
050 4 |a HD6250.C52  |b .T733 2004 
082 0 |a 331.310983090511  |2 23 
245 0 0 |a Trabajo infantil y adolescente en cifras :  |b seintesis de la primera encuesta nacional y registro de sus peores formas 2003. 
264 1 |a Santiago, Chile :  |b Organizacion Internacional del Trabajo,  |c [2004] 
264 4 |c Ã2004 
300 |a 1 online resource (54 pages) 
336 |a text  |b txt  |2 rdacontent 
337 |a computer  |b c  |2 rdamedia 
338 |a online resource  |b cr  |2 rdacarrier 
500 |a Includes index. 
588 |a Description based on print version record. 
590 |a Electronic reproduction. Ann Arbor, MI : ProQuest, 2018. Available via World Wide Web. Access may be limited to ProQuest affiliated libraries. 
650 0 |a Child labor  |z Chile  |v Statistics. 
655 4 |a Electronic books. 
776 0 8 |i Print version:  |t Trabajo infantil y adolescente en cifras : seintesis de la primera encuesta nacional y registro de sus peores formas 2003.  |d Santiago, Chile : Organizacion Internacional del Trabajo, c2004   |h 54 pages   |z 9789223157623 
797 2 |a ProQuest (Firm) 
856 4 0 |u https://ebookcentral.proquest.com/lib/matrademy/detail.action?docID=359231  |z Click to View